000 00234nam a2200085Ia 4500
008 220204s9999 xx 000 0 und d
245 0 _aIndian customs tariff. 29th and 30th issues
260 _aDelhi
_bManager of Publications
942 _cBK
999 _c19902
_d19902